The testament of beauty : a poem in four books /

Bibliographic Details
Main Author: Bridges, Robert, 1844-1930
Format: Book
Language:English
Published: New York : Oxford University Press, 1930

MARC

Tag First Indicator Second Indicator Subfields
LEADER 00000cam a2200000 4500
001 in00000079074
005 20151008055222.0
008 720418c19301929nyu 00010 eng d
035 |a (OCoLC)00287126 
035 |9 AAJ2861AM 
040 |c YNG  |d TXA  |d UtOrBLW 
049 |a TXAM  |c [39626] 
090 |a PR4161.B6  |b T4 1930 
100 1 |a Bridges, Robert,  |d 1844-1930. 
245 1 4 |a The testament of beauty :  |b a poem in four books /  |c by Robert Bridges, poet laureate. 
264 1 |a New York :  |b Oxford University Press,  |c 1930 
264 4 |c ©1929 
300 |a 183 pages ;  |c 23 cm. 
336 |a text  |b txt  |2 rdacontent 
337 |a unmediated  |b n  |2 rdamedia 
338 |a volume  |b nc  |2 rdacarrier 
999 |a MARS 
999 f f |s 195b907e-4dec-3d18-a7cb-5d600fa083eb  |i 99efbc23-8e2e-352e-a3f7-99d4b5d583e4  |t 0 
952 f f |p ric  |a Texas A&M University  |b Rellis Campus  |c Joint Library Facility  |d Remote Storage  |t 0  |e PR4161.B6 T4 1930  |h Library of Congress classification  |i unmediated -- volume  |m A14806184702 
998 f f |a PR4161.B6 T4 1930  |t 0  |l Remote Storage